Normal view
MARC view
- الكفاءة التشغيلية - المصارف الاسلامية - الاردن
Entry Topical Term
001 - CONTROL NUMBER
- control field: 58766
003 - CONTROL NUMBER IDENTIFIER
- control field: JO-AjAnu
005 - DATE AND TIME OF LATEST TRANSACTION
- control field: 20230606083620.0
008 - FIXED-LENGTH DATA ELEMENTS
- fixed length control field: 230606|| aca||aabn | a|a d
040 ## - CATALOGING SOURCE
- Original cataloging agency: JO-AjAnu
- Transcribing agency: JO-AjAnu
150 ## - HEADING--TOPICAL TERM
- Topical term or geographic name entry element: الكفاءة التشغيلية - المصارف الاسلامية - الاردن
670 ## - SOURCE DATA FOUND
- Source citation: Work cat.: (JO-AjAnu)29976: اعداد كراز، سميرة عبد الفتاح؛ اشراف محي الدين يعقوب ابو الهول, author 58765, اثر اختيار العاملين في المصارف الاسلامية الاردنية على رفع الكفاءة التشغيلية = The Impact of Staff Selection at Jordanian Islamic Banks on Improving Operational Efficiency